Segíti a zentai kórházat a SZTE

Elmentve itt :
Bibliográfiai részletek
Dokumentumtípus: Cikk
Megjelent: 2024-10-11
Sorozat:Delmagyar.hu
Kulcsszavak:Együttműködés - Zentai Kórház, Együttműködés - "Magyarország-Szerbia IPA Határon Átnyúló Együttműködési Program", Nemzetközi kapcsolatok, Projekt - "Határon átnyúló telemedicina", Szakemberhiány, Kutatás - fejlesztés - innováció, Innováció - kibővített telemedicinális rendszer, Betegellátás - túlsúly - elhízás - magas vérnyomás - fül-orr-gégészet
Online Access:http://univ.bibl.u-szeged.hu/71978
LEADER 00938nab a2200157 i 4500
001 univ71978
005 20241014114241.0
008 241014s2024 hu o 000 hun d
040 |a SZTE UnivHistória Repozitórium  |b hun 
041 |a hun 
245 0 0 |a Segíti a zentai kórházat a SZTE  |h [elektronikus dokumentum] 
260 |c 2024-10-11 
490 0 |a Delmagyar.hu 
561 |a Egyetemi hirarchívum 
695 |a Együttműködés - Zentai Kórház, Együttműködés - "Magyarország-Szerbia IPA Határon Átnyúló Együttműködési Program", Nemzetközi kapcsolatok, Projekt - "Határon átnyúló telemedicina", Szakemberhiány, Kutatás - fejlesztés - innováció, Innováció - kibővített telemedicinális rendszer, Betegellátás - túlsúly - elhízás - magas vérnyomás - fül-orr-gégészet 
856 4 0 |u http://univ.bibl.u-szeged.hu/71978/1/DELMAGYAR%20-%20Seg%C3%ADti%20a%20zentai%20k%C3%B3rh%C3%A1zat%20a%20SZTE.pdf  |z Dokumentum-elérés